|
|
|
|
| LEADER |
00000nam0a2200000 4500 |
| 001 |
271799 |
| 005 |
20231101234454.0 |
| 035 |
|
|
|a (RuTPU)RU\TPU\book\295002
|
| 090 |
|
|
|a 271799
|
| 100 |
|
|
|a 20141011d1986 k y0rusy50 ca
|
| 101 |
0 |
|
|a rus
|
| 102 |
|
|
|a RU
|
| 105 |
|
|
|a a z 001zy
|
| 200 |
1 |
|
|a Геология, гидрогеология и геохимия нефти и газа южного склона Анабарской антеклизы
|f Академия наук СССР (АН СССР), Сибирское отделение (СО), Якутский филиал (ЯФ), Институт геологии ; под ред. В. В. Ковальского; В. А. Биланенко
|
| 210 |
|
|
|a Якутск
|c Изд-во Якутсого филиала СО АН СССР
|d 1986
|
| 215 |
|
|
|a 176 с.
|c ил.
|
| 320 |
|
|
|a Библиогр.: с. 171-174
|
| 606 |
1 |
|
|a Нефтегазовые месторождения
|x Геология
|2 stltpush
|3 (RuTPU)RU\TPU\subj\68603
|9 83810
|
| 610 |
1 |
|
|a гидрогеология
|
| 610 |
1 |
|
|a геохимия
|
| 610 |
1 |
|
|a стратиграфия
|
| 610 |
1 |
|
|a литология
|
| 610 |
1 |
|
|a коллекторские свойства
|
| 610 |
1 |
|
|a нефтегазоносность
|
| 675 |
|
|
|a 553.98
|v 4
|
| 702 |
|
1 |
|a Ковальский
|b В. В.
|4 340
|
| 702 |
|
1 |
|a Биланенко
|b В. А.
|4 340
|
| 712 |
0 |
2 |
|a Академия наук СССР (АН СССР)
|b Сибирское отделение (СО)
|b Якутский филиал (ЯФ)
|b Институт геологии
|c (Якутск)
|2 stltpush
|3 (RuTPU)RU\TPU\col\8181
|
| 801 |
|
1 |
|a RU
|b 63413507
|c 20141011
|
| 801 |
|
2 |
|a RU
|b 63413507
|c 20170314
|g RCR
|
| 942 |
|
|
|c BK
|